El vostre gos i els ramats al Montseny : Consells per als visitants i normativa Consells per als visitants i normativa
Descripción Física:
1 fulletó ; 21 cm.
Idioma:
Catalán
MARC
| LEADER | 00000nam a22000007a 4500 | ||
|---|---|---|---|
| 001 | 27841 | ||
| 003 | Arxiu | ||
| 005 | 20260324181515.0 | ||
| 008 | 230515b spa||||| |||| 00| 0 cat d | ||
| 017 | |a B 18950-2019 | ||
| 040 | |a agdb |b cat | ||
| 245 | |a El vostre gos i els ramats al Montseny : |b Consells per als visitants i normativa | ||
| 260 | |a Barcelona : |b Diputació de Barcelona : |b Diputació de Girona ; |c 2019 | ||
| 300 | |a 1 fulletó ; |c 21 cm. | ||
| 610 | 0 | |9 10461 |a Parc Natural del Montseny (Catalunya) | |
| 650 | 0 | |9 56373 |a Excursions amb gossos |x Normes | |
| 710 | 1 | |9 7250 |a Barcelona (Catalunya : Província). |b Xarxa de Parcs Naturals | |
| 710 | 1 | |9 52730 |a Barcelona (Catalunya : Província). |b Gerència de Serveis d’Espais Naturals | |
| 710 | 1 | |a Barcelona (Catalunya : Província). |b Diputació |9 52408 | |
| 710 | 1 | |9 11479 |a Girona (Catalunya : Província). |b Diputació | |
| 942 | |2 udc |c ARXIU |n 1 | ||
| 952 | |0 0 |1 0 |2 udc |4 0 |6 FU7578 |7 1 |9 66309 |a Arxiu |b Arxiu |d 2023-05-15 |l 0 |o FU-75-78 |p 27841 |r 2023-05-15 00:00:00 |w 2023-05-15 |y ARXIU | ||
| 999 | |c 83440 |d 83440 | ||